Calgary Flames Roster - Statistics

General Stats
  • This quiz has been taken 159 times
    99 since last reset
  • The average score is 11 of 24
Answer Stats
Hint Answer % Correct
13 Gaudreau
85%
11 Backlund
77%
5 Giordano
75%
19 Tkachuk
75%
23 Monahan
73%
28 Lindholm
66%
93 Bennett
63%
7 Brodie
62%
33 Rittich
62%
41 Smith
59%
88 Mangiapane
56%
4 Anderson
55%
55 Hanifin
55%
67 Frolik
41%
18 Neal
35%
26 Stone
35%
77 Jankowski
34%
3 Hamonic
30%
10 Ryan
27%
27 Czarnik
20%
21 Hathaway
15%
89 Quine
14%
3 Fantenberg
13%
6 Prout
8%
No matching quizzes found
Score Distribution
Percent of People with Each Score
Percentile by Number Answered
Your Score History
You have not taken this quiz since the last reset